| 000 | 00706 a2200217 4500 | ||
|---|---|---|---|
| 001 | 54960 | ||
| 005 | 20260407155825.0 | ||
| 008 | 260407a1962 arg spa d | ||
| 003 | AR-UNSa-BCEJYS | ||
| 040 |
_aAR-UNSa-BCEJYS _bspa _cAR-UNSa-BCEJYS |
||
| 080 |
_a510.6 _xLógica matemática |
||
| 245 | 1 | 0 | _aElementos de lógica teórica |
| 250 | _a4a. ed. | ||
| 264 | 1 |
_aMadrid : _bTecnos _c1962 |
|
| 300 |
_a213 p. _c24 cm. |
||
| 505 | _a1. El cálculo de proposiciones – 2. El cálculo de clases – 3. El cálculo restringido de predicados -4. El cálculo generalizado de predicados. | ||
| 942 | _cBK | ||
| 590 | _aniveau_biblio:m niveau_hierar:0 | ||
| 100 | 1 | _aHilbert, D. | |
| 700 | 1 | _aAckermann, W. | |
| 999 |
_c5847 _d5847 |
||